| 000 | 00756nam a2200253Ia 4500 | ||
|---|---|---|---|
| 003 | OSt | ||
| 005 | 20220926030402.0 | ||
| 006 | a|||||r|||| 00| 0 | ||
| 007 | ta | ||
| 008 | 220923b |||||||| |||| 00| 0 eng d | ||
| 020 | _a0691021287 | ||
| 037 | _cGeneral Book | ||
| 040 |
_aRTL _cRTL _beng |
||
| 041 |
_2eng _aeng |
||
| 082 | _aU:(G:526), P1 | ||
| 100 |
_aHubbell Stephen P _9334187 |
||
| 245 | 0 | _aUnified neutral theory of biodiversity and biogeog | |
| 260 |
_aPrincetion _bPrincetion University Press _c2001 |
||
| 300 |
_axiv,375p. _ccm. |
||
| 500 | _aMonographs in population biology | ||
| 650 |
_aGeography - Environment _9229896 |
||
| 942 |
_hU:(G:526), P1 _cGB _2CC |
||
| 999 |
_c649590 _d649590 |
||